000 00908nam a2200253Ia 4500
003 OSt
005 20220923215011.0
006 a|||||r|||| 00| 0
007 ta
008 220922b |||||||| |||| 00| 0 hin d
024 _a174,728
037 _cTextual
040 _aARTS
_cARTS
_bhin
041 _2hin
_ahin
082 _aO1520r11:g, K3
100 _aमिश्र, विश्वनाथ
245 0 _aहिन्दी भाषा और साहित्य पर अग्रंेजी प्रभाव
246 _aHindī bhāṣhā aur sāhitya par agranejī prabhāva
260 _aदेहरादून
_b सुरेंद्रनाथ
_c1963
300 _a387पृ.
_ccm.
650 _aहिन्दी साहित्य
_9156264
942 _hO1520r11:g, K3
_cTEXL
_2CC
999 _c328432
_d328432